LEADER 00871nam0-22002891i-450- 001 990006202860403321 005 19980601 035 $a000620286 035 $aFED01000620286 035 $a(Aleph)000620286FED01 035 $a000620286 100 $a19980601d1959----km-y0itay50------ba 105 $a--------00-yy 200 1 $aManuale di contabilita' di Stato$enozione sull'amministrazione del patrimonio e sulla contabilita' generale dello Stato$fAntonio Bennati. 205 $a3. ed. ampl. riv ed agg. - 210 $aNapoli$cJovene$d1959 215 $aVIII,, 321 p.$d24 cm 676 $a343.034 700 1$aBennati,$bAntonio$07326 801 0$aIT$bUNINA$gRICA$2UNIMARC 901 $aBK 912 $a990006202860403321 952 $aXIV E 39$b59234$fFGBC 959 $aFGBC 996 $aManuale di contabilità di Stato$963525 997 $aUNINA DB $aGIU01 LEADER 01053nam2-22003251i-450- 001 990003019090403321 005 20130517174952.0 035 $a000301909 035 $aFED01000301909 035 $a(Aleph)000301909FED01 035 $a000301909 100 $a20030910d1993----km-y0itay50------ba 101 0 $aita 102 $aIT 200 1 $aBilancia dei pagamenti$eiconti con l'estero dell'Italia, la lira, i problemi dell'Unione monetaria europea$fRainer S. Masera, Salvatore Rossi 210 $aPadova$cCedam$d1993 215 $aXIII, 350 p.$d24 cm 461 0$1001000300275$12001$aTrattato di statistica economica$fdiretto da Antonino Giannone$v10 610 0 $aItalia e Unione monetaria europea 700 1$aMasera,$bRainer$f<1944- >$0109078 701 1$aRossi,$bSalvatore$083265 801 0$aIT$bUNINA$gRICA$2UNIMARC 901 $aBK 912 $a990003019090403321 952 $aO/2.212 MAS$b14480$fSES 952 $aXV M3 306$b226$fDTE 959 $aDTE 959 $aSES 996 $aBilancia dei pagamenti$9467518 997 $aUNINA